000 00505nam a2200145 a 4500
001 000005076
005 20200929151555.0
008 090729s1961 dr c 000 0 spa d
040 _aDO-SdBNP
_bspa
_cBNPHU
082 _axxxx
110 2 _aPartido Dominicano.
_914584
245 1 0 _aResolución y mensaje de la Convención Nacional del Partido Dominicano, celebrada el día 1ro. de julio, 1961.
260 _aCiudad Trujillo, República Dominicana :
_bDominicana,
_c1961.
300 _a89 p. :
_bretrs. ;
_c22 cm.
999 _c4880
_d4880